• 首页
  • 本馆介绍
  • 公告通知
  • 最新文献
  • 馆藏检索
  • 电子资源
  • 读者导购
  • 参考咨询
  • 我的图书馆
  • 登录
  • 详细信息显示
  • 放入我的书架
  • 预约/预借图书
  • 作者相关作品
  • 分类相关作品
  • 丛书相关作品
  • 出版社相关作品

书目信息

  • 表格格式
  • 工作单格式
  • 卡片格式
题名:
季羡林漫谈教书治学
    
 
作者: 季羡林 著 ;胡光利 , 梁志刚 编
分册:  
出版信息: 沈阳   沈阳出版社  2016
页数: 333页
开本: 24cm
丛书名: 季羡林文丛
单 册:
中图分类: G795-53
科图分类:
主题词: 治学方法--文集 , 教育--文集
电子资源:
ISBN: 978-7-5441-6639-3
000 00921oam2 2200277 450
001 2087
005 20180522164102.03
010    @a978-7-5441-6639-3@dCNY38.00
100    @a20160826d2016 em y0chiy50 ea
101 0  @achi
102    @aCN@b210000
105    @aa z 000yy
200 1  @a季羡林漫谈教书治学@9ji xian lin man tan jiao shu zhi xue@f季羡林著@g胡光利,梁志刚编
210    @a沈阳@c沈阳出版社@d2016
215    @a333页@c照片@d24cm
225 2  @a季羡林文丛@e图文珍藏版
330    @a本书包括:五十年教书治学风雨路、五十年教书治学经验谈、校风培养和师资队伍建设、新时期教育战线面临的任务四部分内容。
461  0 @12001 @a季羡林文丛
606 0  @a治学方法@j文集
606 0  @a教育@j文集
690    @aG795-53@v5
701  0 @a季羡林@9ji xian lin@f(1911-2009)@4著
702  0 @a胡光利@9hu guang li@4编
702  0 @a梁志刚@9liang zhi gang@4编
801  0 @aCN@b91MARC@c20160826
905    @aMuseLib@dG795-53@e707
    
    季羡林漫谈教书治学/季羡林著/胡光利,梁志刚编.-沈阳:沈阳出版社,2016
    333页:照片;24cm.-(季羡林文丛:图文珍藏版)
    
    
    ISBN 978-7-5441-6639-3:CNY38.00
    本书包括:五十年教书治学风雨路、五十年教书治学经验谈、校风培养和师资队伍建设、新时期教育战线面临的任务四部分内容。
●
相关链接 在E读中查询图书 在五车中查询图书 在当当中查询图书 在豆瓣中查询图书


正题名:季羡林漫谈教书治学     索取号:G795-53/707         预约/预借

序号 登录号 条形码 馆藏地/架位号 状态 备注
1 1107897   211078974   第一样本阅览室/ [索取号:G795-53/707] 在馆    
2 1107898   211078983   教育系资料室/ [索取号:G795-53/707] 在馆    
3 1107899   211078992   教育系资料室/ [索取号:G795-53/707] 在馆    
4 1107900   211079009   第四借阅区/ [索取号:G795-53/707] 在馆    
唐山师范学院图书馆 欢迎您!
大连网信软件有限公司© 版权所有